00492nam a2200193 a 4500001001300000003000900013005001700022008004100039020000900080082001700089100002200106245002300128260003300151300000900184500003500193505002400228650002400252700002200276nice12345678IN_TiNIC20260116012328.0050524s1981 dela grp 000 0 eng  ac7500a297.23bISL1 aIslam, Khaja Mohd aSpectacle of Death aDelhibAdam Publishersc1981 a502p aincludes index and biblioraphy2 aBibliography, Index aEschatology-Islamic1 aIslam, Khaja Mohd